[Event "Orlova op 7th"]
[Site "Orlova"]
[Date "2010.05.23"]
[Round "2"]
[White "Lipus, Drahomir"]
[Black "Makolski, Krzystof"]
[Result "0-1"]
[WhiteElo "1564"]
[BlackElo "1250"]
[PlyCount "95"]
[EventDate "2010.05.22"]
[EventType "swiss"]
[EventRounds "7"]
[EventCountry "CZE"]
[SourceTitle "EXT 2012"]
[Source "ChessBase"]
[SourceDate "2011.11.24"]
[SourceVersion "1"]
[SourceVersionDate "2011.11.24"]
[SourceQuality "1"]

1. d4 d5 2. c4 c6 3. Nf3 Nf6 4. Nc3 g6 5. e3 Bg7 6. Be2 0-0 7. 0-0 Nbd7 8. Qc2 dxc4 9. Bxc4 Nb6 10. Bd3 Nbd5 11. a3 Nxc3 12. bxc3 Nd7 13. e4 c5 14. Be3 Qc7 15. Qe2 b6 16. Rfc1 Bb7 17. Nd2 e6 18. Rab1 e5 19. d5 a6 20. a4 Rfc8 21. c4 a5 22. Nf3 f6 23. h4 Nf8 24. Nh2 Rd8 25. Qd2 Bc8 26. f4 Rd6 27. g4 Bd7 28. f5 Bxa4 29. g5 Be8 30. Ng4 Qe7 31. gxf6 Bxf6 32. Nxf6+ Qxf6 33. Bg5 Qf7 34. f6 Nd7 35. Qh2 h5 36. Rf1 Kh7 37. Rf3 Qf8 38. Rbf1 Bf7 39. R1f2 Qe8 40. Bf1 Nb8 41. Bh3 Ra7 42. Bc1 Nd7 43. Bxd7 Rdxd7 44. Bb2 a4 45. Bxe5 Rd8 46. Qf4 a3 47. Ba1 Ra4 48. Rc2 0-1